[Event "Amber-blindfold 03rd"]
[Site "Monte Carlo"]
[Date "1994.03.31"]
[Round "5"]
[White "Ljubojevic, Ljubomir"]
[Black "Polgar, Zsuzsa"]
[Result "1-0"]
[WhiteElo "2600"]
[BlackElo "2550"]
[PlyCount "85"]
[EventDate "1994.03.26"]
[EventType "tourn (rapid)"]
[EventRounds "11"]
[EventCountry "MNC"]
[EventCategory "16"]
[SourceTitle "CBM 040 Extra"]
[Source "ChessBase"]
[SourceDate "1994.07.01"]
[SourceVersion "1"]
[SourceVersionDate "1994.07.01"]
[SourceQuality "1"]

1. Nf3 d5 2. g3 c6 3. Bg2 Bg4 4. d3 Nd7 5. Nbd2 Ngf6 6. O-O e6 7. h3 Bxf3 8. Nxf3 Bd6 9. e4 ({RR} 9. Qe1 O-O 10. e4 e5 11. Nh4 Re8 12. Nf5 Bf8 13. Qe2 Nc5 14. Bg5 Ne6 15. Be3 dxe4 16. dxe4 Nd4 17. Nxd4 exd4 18. Bg5 h6 19. Bxf6 Qxf6 20. f4 Rad8 21. Qd3 Qe7 22. a3 f6 23. Rae1 Qc5 {Vaganian,R (2615)-Polgar,Z (2560) Moscow 1993 0-1 (42)}) 9... O-O 10. Re1 e5 $146 ({RR} 10... Qc7 11. c3 Rad8 {½-½ (11) Boros,D (2292)-Szuk,B (2374) Budapest 1999}) ({RR} 10... dxe4 11. dxe4 Ne5 12. Nh2 Bc5 13. Qe2 Qb6 14. Rf1 Qb5 15. Qe1 Qc4 16. Bf4 Ng6 17. b3 Qb5 18. Bd2 e5 19. Kh1 Rfe8 20. a4 Qa6 21. Bf3 Nd7 22. Be2 b5 23. axb5 Qb7 24. bxc6 Qxc6 25. Bd3 {Jakubowski,K (2460)-Dobre,C (2259) chess.com INT 2024 1-0 (42)}) 11. Nh4 Re8 12. Nf5 Bf8 13. exd5 cxd5 14. c4 dxc4 15. dxc4 e4 16. Nd6 Bxd6 17. Qxd6 Re6 18. Qd4 Qe7 19. Bg5 h6 20. Bxf6 Nxf6 21. Rad1 b6 22. a3 a5 23. Re3 Re8 24. Rde1 Rd8 25. Qc3 Qd7 26. Bxe4 Nxe4 27. Rxe4 Rxe4 28. Rxe4 Qxh3 29. Rd4 Re8 30. Qd2 Qc8 31. b4 axb4 32. axb4 Qc7 33. Qd3 Qe7 34. b5 g6 35. Rd6 Qg5 36. Kg2 Qc5 37. Rc6 Qh5 38. Qf3 Qg5 39. Rxb6 Qc1 40. Qd5 Qc2 41. Rb7 Qe4+ 42. Qxe4 Rxe4 43. Rc7 1-0

[Event "Jakarta"]
[Site "Jakarta"]
[Date "1994.??.??"]
[Round "2"]
[White "Blatny, Pavel"]
[Black "Ye, Rongguang"]
[Result "1-0"]
[WhiteElo "2525"]
[BlackElo "2500"]
[Annotator "Horn,Peter"]
[PlyCount "87"]
[EventDate "1994.04.??"]
[EventType "tourn"]
[EventRounds "13"]
[EventCountry "INA"]
[EventCategory "10"]
[SourceTitle "CBM 041"]
[Source "ChessBase"]
[SourceDate "1994.08.01"]
[SourceVersion "1"]
[SourceVersionDate "1994.08.01"]
[SourceQuality "1"]

1. Nf3 d5 2. b3 Nf6 3. Bb2 Bf5 4. g3 e6 5. Bg2 c6 6. d3 h6 7. Nbd2 Be7 8. O-O O-O 9. e3 a5 10. a4 Na6 11. Qe2 ({RR} 11. Nd4 Bh7 12. f4 Nb4 13. Bh3 c5 14. Nb5 Rc8 15. Rc1 Na2 16. Rb1 Nb4 17. Rf2 Ne8 18. Na7 Ra8 19. Nb5 Bf6 20. Bxf6 Nxf6 21. Nf3 c4 22. Ne5 cxd3 23. cxd3 Nd7 24. Nxd7 Qxd7 25. Rd2 Rac8 {Henriquez Villagra,C (2608)-Najer,E (2654) Riga 2021 0-1 (85)}) ({RR} 11. Ne5 Nb4 12. Kh1 {½-½ (12) Salinas Herrera,P (2498)-Marrujo Pardo,M (2238) Santiago CHI 2023}) 11... Bh7 12. Rae1 $146 ({RR} 12. Ne5 Rc8 13. f4 b6 14. Kh1 Nb4 15. Ndf3 c5 16. Rg1 Ne8 17. Bh3 c4 18. bxc4 dxc4 19. dxc4 Bxc2 20. Nd4 Be4+ 21. Bg2 Nd6 22. Rgd1 Bxg2+ 23. Qxg2 Qe8 24. Qe2 f6 25. Nef3 Nxc4 26. Nxe6 Nxb2 {Braun,G-Malich,B Strausberg 1971 ½-½ (33)}) ({RR} 12. Ne5 Nc5 13. e4 Nfd7 {½-½ (13) Bilek,I-Bednarski,J Skopje 1972}) 12... Nb4 13. Nb1 $5 b5 14. Nc3 Rb8 (14... bxa4 15. Nxa4 c5 $13) 15. Ra1 Nd7 16. e4 Nc5 17. axb5 cxb5 18. exd5 exd5 19. Nd4 Bf6 20. Na2 Qb6 (20... Nxa2 21. Rxa2 (21. Nc6 $2 Qd6 22. Nxb8 Bxb2 23. Rxa2 Bc3 $17) 21... Qb6 $13 { fd8,a4}) 21. Nxb4 axb4 22. Qg4 (22. Bxd5 $2 Rfd8) (22. Ra2 $5) 22... Bg6 (22... Bxd3 $5 23. cxd3 Nxd3 24. Bxd5 Nxb2 25. Nc6 $14) 23. Ra2 h5 24. Qf4 $6 Ra8 $6 (24... Bxd3 25. cxd3 (25. Rfa1 $5) 25... Nxd3 26. Qd2 Nxb2 $17) 25. Rfa1 Rxa2 26. Rxa2 Rd8 $6 (26... Bxd3 27. Bxd5 $1 (27. cxd3 Nxd3 28. Qf5 Nxb2 29. Rxb2 Qxd4 $17) 27... Rd8 (27... Bxc2 28. Nxc2 Nd3 29. Qf5 Nxb2 30. Qxh5 $16) 28. Qf3 Be4 29. Bxe4 Nxe4 30. Qxe4 Bxd4 31. Bxd4 Qxd4 32. Qxd4 Rxd4 $14) 27. Qe3 Kh8 (27... Ne6 28. Nxe6 Qxe3 29. fxe3 fxe6 30. Bxf6 gxf6 31. Kf2 { e2-d2}) 28. h4 Kh7 29. Ba1 Nd7 30. Nf3 Qd6 (30... Qxe3 31. fxe3 Bb2 $19) (30... Bb2 $19) 31. Bxf6 gxf6 $2 (31... Nxf6 $16) 32. Nd4 Qb6 33. Qe7 Ne5 (33... Qxd4 34. Qxd8 Qa1+ $19) 34. Qxb4 Ng4 $2 (34... Nc6 35. Nxc6 Qxc6 $18) 35. Ra5 Re8 36. Rxb5 Qc7 37. Rxd5 Re5 38. Rxe5 fxe5 39. Nc6 Qc8 40. Be4 Qa6 41. Bxg6+ fxg6 42. Qa4 Qc8 43. Qa7+ Kh6 44. Qb8 1-0

[Event "CZE-ch"]
[Site "Czech Republic"]
[Date "1994.??.??"]
[Round "9"]
[White "Jansa, Vlastimil"]
[Black "Blatny, Pavel"]
[Result "1-0"]
[WhiteElo "2515"]
[BlackElo "2525"]
[PlyCount "77"]
[EventDate "1994.05.??"]
[EventType "swiss"]
[EventRounds "11"]
[EventCountry "CZE"]
[SourceTitle "TD"]
[Source "ChessBase"]
[SourceDate "1994.03.01"]
[SourceVersion "1"]
[SourceVersionDate "1994.03.01"]
[SourceQuality "1"]

1. Nf3 d5 2. g3 e6 3. Bg2 c5 4. O-O Nd7 ({RR} 4... Nf6 5. b3 Nc6 6. Bb2 Bd6 7. d4 cxd4 8. Nxd4 O-O 9. c4 Nxd4 10. Qxd4 e5 11. Qd3 dxc4 12. Qxc4 Qb6 13. Nc3 a6 14. Nd5 Nxd5 15. Qxd5 Re8 16. Rfd1 Bc5 17. e3 Bg4 18. Rdc1 Rac8 19. h3 {Bogosavljevic,B (2523)-Niemann,H (2508) Niksic 2021 ½-½ (75)}) ({RR} 4... Nf6 5. c3 Be7 6. d4 O-O 7. dxc5 Bxc5 8. b4 Bd6 9. Bb2 Nc6 10. Nbd2 Bd7 11. a3 Rc8 12. c4 dxc4 13. Nxc4 Be7 14. Qb3 Qc7 15. Rac1 Qb8 16. b5 Nd8 17. Nfe5 b6 18. Rfd1 Be8 19. a4 {Carrion Perez,L (1826)-Gomez Barrero,S (1931) Medellin COL 2025 ½-½ (47)}) 5. d3 Ngf6 $146 ({RR} 5... b6 6. e4 Bb7 7. exd5 Bxd5 8. Nc3 Bc6 9. Ne4 Ngf6 10. Nfg5 Nxe4 11. Nxe4 Rc8 12. Bg5 Qc7 13. Re1 Be7 14. Bxe7 Kxe7 15. Qg4 Bxe4 16. Qh4+ Nf6 17. dxe4 {½-½ (17) Bischoff,K (2510)-Blatny,P (2515) Brno 1992}) 6. Nbd2 b6 7. e4 Bb7 8. e5 Ng8 9. Re1 Ne7 10. c3 Nc6 11. h4 Qc7 12. Qe2 Be7 13. Nf1 h6 14. Bf4 d4 15. Rac1 dxc3 16. bxc3 Rd8 17. d4 Nf8 18. h5 cxd4 19. cxd4 Qd7 20. Bd2 Nh7 21. Ne3 O-O 22. Red1 Ng5 23. Bc3 Ba3 24. Rb1 Ne4 25. Be1 Nb8 26. Bh3 Qe7 27. Rb3 a5 28. Rxb6 Bb4 29. Rb1 Qc7 30. Rxb7 Qxb7 31. a3 Nc6 32. axb4 Nxd4 33. Nxd4 Rxd4 34. Bg2 axb4 35. Nc2 Rfd8 36. Nxd4 Rxd4 37. Rxb4 Rxb4 38. Bxb4 Qxb4 39. Qxe4 1-0

[Event "Leon"]
[Site "Leon"]
[Date "1994.??.??"]
[Round "7"]
[White "Ubilava, Elizbar"]
[Black "Kortschnoj, Viktor Lvovich"]
[Result "1-0"]
[WhiteElo "2535"]
[BlackElo "2615"]
[Annotator "Horn,Peter"]
[PlyCount "107"]
[EventDate "1994.05.??"]
[EventType "tourn"]
[EventRounds "9"]
[EventCountry "ESP"]
[EventCategory "12"]
[SourceTitle "CBM 042"]
[Source "ChessBase"]
[SourceDate "1994.10.01"]
[SourceVersion "1"]
[SourceVersionDate "1994.10.01"]
[SourceQuality "1"]

1. g3 Nf6 2. Nf3 d5 3. Bg2 c5 4. c4 d4 5. d3 Nc6 6. O-O Bf5 $6 (6... e5 $10) ({RR} 6... g6 7. e3 Bg7 8. exd4 cxd4 9. a3 a5 10. Nbd2 O-O 11. Rb1 Bf5 12. Qe2 Rb8 13. h3 Qc8 14. Kh2 b5 15. b3 bxc4 16. bxc4 Rxb1 17. Nxb1 Nd7 18. Nh4 Be6 19. f4 Nc5 20. Nd2 Bd7 21. Ne4 {Minasian,A (2480)-Kuzubov,Y (2637) Minsk 2017 0-1 (42)}) 7. Qb3 (7. b4 $5) ({RR} 7. Nh4 Bd7 8. e3 e5 9. exd4 exd4 10. Na3 Be7 11. h3 O-O 12. Nf3 Bd6 13. Nc2 a5 14. b3 Re8 15. Bb2 Qc7 16. Qd2 h6 17. a3 Nh5 18. b4 axb4 19. axb4 Rxa1 20. Rxa1 b6 21. Re1 Ne5 {Vo,T (1764)-Tran,L (2001) Ho Chi Minh City 2021 0-1 (81)}) 7... Qc7 $146 (7... Qb6 $5 8. Qxb6 axb6 9. Na3 $14 Nb4 $2 10. Nb5 Rxa2 11. Rxa2 Nxa2 12. Ne5 Bc8 $2 13. Bd2 $18) ({RR} 7... b6 8. e3 dxe3 9. Bxe3 Rc8 10. Nc3 e5 11. Rfe1 Be7 12. Bg5 h6 13. Nxe5 Nxe5 14. Rxe5 Be6 15. Bf4 g5 16. Bc1 Qxd3 17. Nd5 Qd4 18. Re2 Bxd5 19. cxd5 Kf8 20. Bd2 c4 21. Qf3 Qd3 22. Rae1 {Zhidkov,V (2394)-Elarbi,A (2253) Mallorca 2004 1-0 (42)}) 8. e4 Bg4 (8... dxe3 $5 9. Bxe3 $6 { d4} (9. fxe3 $1) 9... e5 10. Nc3 Be7 (10... Bxd3 $2 11. Nb5 Qd7 12. Rfd1 e4 13. Ne1 a6 14. Nxd3 axb5 (14... exd3 15. Rxd3 Qc8 16. Nd6+ Bxd6 17. Rxd6 $18) 15. Nxc5 $18) 11. Nd5 (11. Bg5 O-O 12. Bxf6 Bxf6 13. Nd5 Qd7 $13) 11... Nxd5 12. cxd5 Nd4 13. Nxd4 cxd4 14. Bd2 O-O $13) 9. Nh4 (9. e5 $6 Nd7 10. Bf4 Qb6) (9. h3) 9... e5 10. f4 (10. Nf5 h6 11. h3 Bh5) 10... Be7 11. Nd2 (11. Nf5 $5) 11... exf4 12. gxf4 Nh5 13. Nf5 Bxf5 (13... O-O $5) 14. exf5 g6 (14... Nxf4 $2 15. Rxf4 Qxf4 16. Qxb7 Qe3+ 17. Kh1 $18) 15. Nf3 gxf5 $2 (15... Ng7 $2 16. fxg6 (16. Ne5 Nxf5 17. Qxb7 Qxb7 18. Bxc6+ Qxc6 19. Nxc6 $13) 16... hxg6 17. Ne5 $1 Rc8 (17... Nxe5 18. fxe5 Ne6 19. Qxb7) 18. Bd5 Nxe5 19. fxe5 Ne6 20. Qxb7 Qxb7 21. Bxb7 $16) (15... Bd6 $5 16. Re1+ Kf8 17. Ne5 Nxe5 $2 (17... Kg7 18. Nxc6 bxc6 19. Qa4 $13) 18. fxe5 Bxe5 19. Rxe5 Qxe5 20. Bh6+ Kg8 21. Qxb7 Rb8 22. Qxa7 $16) 16. Ne5 $1 Rg8 17. Kh1 Rxg2 (17... Nxe5 18. fxe5 O-O-O 19. Rxf5 $16) (17... O-O-O 18. Nxc6 bxc6 19. Bf3 $18) 18. Kxg2 Nxe5 19. fxe5 Qc6+ (19... Qxe5 20. Qd1 $16) 20. Kh3 (20. Kf2 $2 Bh4+ $19) (20. Kg1 $2 O-O-O { g8-+}) (20. Rf3 O-O-O 21. Qd1 Rg8+ 22. Kf1 $13) 20... O-O-O 21. Qd1 Ng7 22. Qf3 Qg6 23. Bd2 h6 24. Rg1 Bg5 25. Raf1 Ne6 26. Bxg5 hxg5 (26... Nxg5+ 27. Rxg5 Qxg5 28. Qxf5+ $16 {×f7,h6}) 27. Qxf5 Qh5+ 28. Kg2 Rh8 29. h3 Kb8 30. Rf3 Nf4+ 31. Rxf4 $8 gxf4 32. Qxh5 Rxh5 33. Rf1 Rg5+ $2 (33... Rxe5 34. Rxf4 Re2+ (34... Re3 $2 35. h4 Rxd3 36. h5 Re3 (36... Rd2+ 37. Rf2 $18) 37. h6 Re8 38. h7 Rh8 39. Rxf7 { g8+-} a6 40. Kf3 Ka7 41. Ke4 Kb6 42. Kf5 Rd8 43. Kg6 d3 44. Rf1 d2 45. Rd1 Rd6+ 46. Kg5 Rd8 47. Rxd2 $18) 35. Rf2 Re3 36. h4 Rxd3 37. h5 (37. Re2 Rd1 38. h5 d3 39. Re5 Rd2+ 40. Kg3 Rd1) 37... Re3 38. h6 Re8 39. h7 (39. Rxf7 $2 d3 $8 40. Kf2 d2 41. Rd7 Rh8 $10) 39... d3 40. Kf3 (40. Rxf7 $2 d2 41. Rd7 Rh8 $10) 40... Rh8 41. Rh2 Kc7 42. Ke3 Kd6 43. Kxd3 (43. Rh5 f5 $1 44. Kxd3 Ke5 45. Ke3) 43... Ke5 (43... Ke7 44. Ke4 Kf6 45. Kd5 b6 46. Kc6 $18) 44. Rh5+ (44. Ke3 Kf6 45. Ke4 Kg7 46. Kd5 Rc8 47. h8=Q+ Rxh8 48. Rxh8 Kxh8 49. Kxc5 f5 $10) 44... f5 45. Ke3 Kf6 (45... b6 46. b3 a6 47. a3 b5 48. cxb5 axb5 49. a4 bxa4 50. bxa4 c4 51. a5 $18) 46. Kf4 Kg6 47. Rh2 (47. Rg5+ Kh6 48. Rxf5 Rxh7 49. Rxc5 Kg6 $16) 47... Kf6 48. a4 (48. Rh6+ Kg7 49. Rd6 Kxh7 50. Rd7+ Kg6 51. Rxb7 Rh4+ 52. Kf3 Rxc4 53. Rxa7 $10) (48. Rh1 Kg6 49. Ke5 Re8+ $1 50. Kd6 Rh8 51. Kxc5 Rxh7) 48... Kg6 49. a5 Kf6 50. b3 Kg6 51. Rh1 Kf6 52. a6 bxa6 53. Rh6+ Kg7 54. Rxa6 Kxh7 55. Rxa7+ Kg6 56. Ra6+ Kf7 $14) 34. Kf3 Rxe5 35. Kxf4 Re6 (35... Re3 36. Rh1 $18) 36. Rh1 Kc7 37. h4 Rh6 38. Kg5 Rg6+ 39. Kf5 Rh6 40. h5 Kd7 (40... f6 41. Ke6 { f7-g7 +-}) 41. Kg5 Rh7 42. h6 Ke8 43. a3 a5 44. b3 Kf8 45. Re1 Rh8 46. Kh5 Rh7 47. Re2 b6 48. b4 cxb4 49. axb4 axb4 50. Rb2 f5 51. Rxb4 Rf7 52. Rxb6 Kg8 53. c5 f4 54. c6 1-0

[Event "USA-ARM"]
[Site "Glendale"]
[Date "1994.??.??"]
[Round "2"]
[White "Vaganian, Rafael A"]
[Black "Kaidanov, Gregory S"]
[Result "1-0"]
[WhiteElo "2625"]
[BlackElo "2645"]
[Annotator "Horn,Peter"]
[PlyCount "157"]
[EventDate "1994.05.??"]
[EventType "team"]
[EventRounds "4"]
[EventCountry "USA"]
[SourceTitle "CBM 042"]
[Source "ChessBase"]
[SourceDate "1994.10.01"]
[SourceVersion "1"]
[SourceVersionDate "1994.10.01"]
[SourceQuality "1"]

1. Nf3 d5 2. g3 c6 3. Bg2 Bg4 4. O-O Nd7 5. d3 Ngf6 6. Nbd2 e5 7. e4 Bd6 8. h3 Bh5 9. exd5 cxd5 10. c4 O-O (10... d4 $13 {King-Ivanov/Gausdal/1993}) 11. cxd5 Nxd5 12. Qb3 N5f6 13. Nc4 $146 (13. Ne4 Nxe4 14. dxe4 Nc5 15. Qd5 Bxf3 16. Bxf3 Qf6 17. Bg2 Rfd8 18. Be3 Bf8 19. Qc4 Nd3 $10 {Norwood-Adams/BCF-ch/1989}) (13. Qxb7 $6 Nc5 14. Qb5 Rb8 15. Qc4 Bg6 16. Ne1 Rc8 $44) 13... Nc5 14. Qa3 Bxf3 15. Bxf3 Be7 16. Nxe5 Ncd7 17. Qc3 Rc8 18. Qe1 (18. Qd4 $6 Bc5 19. Qf4 Nxe5 20. Qxe5 Qxd3 (20... Re8 21. Qf5) 21. Bxb7 Bd4 22. Qg5 h6 23. Qf4 Rc2 $44) 18... Bc5 $146 ({RR} 18... Re8 19. Nxd7 Qxd7 20. Kg2 b6 21. Qd1 Bc5 22. Rb1 a5 23. d4 Bxd4 24. Bg5 Red8 25. Rc1 Rxc1 26. Qxc1 h6 27. Bf4 Nd5 28. Bd2 Nb4 29. Qb1 Bf6 30. Be3 Nd5 31. Bc1 Nb4 32. a3 Qd3 33. Be3 {Aravindh,C (2671)-Pranav,V (2587) Dubai UAE 2024 ½-½ (52)}) ({RR} 18... Re8 19. d4 Bc5 20. Qd1 Bxd4 21. Nxd7 Qxd7 22. Bg5 {½-½ (22) Collutiis,D (2429)-Maiorov,N (2511) St Eufemia d'Aspromonte 2010}) 19. Nxd7 Qxd7 20. Kg2 b6 (20... Qxd3 $6 21. Bxb7 Rce8 22. Qc3) 21. Bg5 Qf5 22. Qd2 Bd4 23. Be3 Rcd8 24. Rad1 Rd7 25. Rfe1 Rfd8 26. Bf4 (26. Bxd4 Rxd4 27. Re3 $14) 26... Nd5 27. Bg5 (27. Bg4 $2 Nxf4+ 28. gxf4 Qd5+) 27... Nf6 $8 28. Re2 h6 29. Bxf6 Bxf6 30. Rde1 Qb5 (30... Qxd3 $4 31. Qxd3 Rxd3 32. Re8+ Rxe8 33. Rxe8+ Kh7 34. Be4+ $18) (30... Rxd3 $4 31. Re8+ Kh7 32. Qxd3 Qxd3 33. Be4+ $18) 31. Qc2 Qc5 32. Qa4 g6 33. Rc2 (33. Re8+ Kg7 34. Rxd8 Rxd8 35. Qxa7 Bxb2 $14) 33... Qd4 34. Qxd4 Rxd4 35. Be4 $14 Bg7 36. g4 Bf8 37. f4 Bc5 38. Rf1 Kg7 39. f5 R4d6 40. Kf3 R8d7 41. Ke2 Rd8 42. Rfc1 R8d7 (42... Bd4 $14) 43. b3 Rd8 44. Rc4 Rd4 45. fxg6 fxg6 (45... Rxc4 $14) 46. Rxc5 $5 bxc5 47. Rxc5 R8d7 48. Ke3 R4d6 49. Ra5 Re7 $2 (49... g5 $16) 50. b4 Rde6 51. Kd4 Rd7+ 52. Kc4 Kf6 (52... Rde7 $5 { e5} 53. a4 Re5 54. Rxe5 Rxe5 55. b5 Kf6 56. a5 (56. Bb7 Ke7 57. a5 Kd6 58. d4 Re1) (56. Bd5 Ke7 57. Kc5 Re1 (57... Re3 $2 58. Bc4 Rxh3 $2 59. a5 $18) 58. a5 Ra1 59. a6 Kd7 $10) 56... a6 $1 57. bxa6 Rxa5 58. Bb7 Ke5 59. Kb4 Ra2 60. Kc5 Rc2+ (60... g5 $2 61. d4+ Ke6 62. d5+ Kd7 63. Kb6 Rb2+ 64. Ka7 Kc7 65. d6+ Kxd6 66. Kb8 $18) 61. Kb6 Kd6 62. Ka7 Kc7 63. d4 Rd2 64. d5 $10) 53. a4 Rc7+ 54. Kb3 Ke7 55. Rb5 Kd8 56. a5 Rc1 $2 (56... g5) 57. g5 hxg5 (57... h5 58. Rb7 Rc7 59. Rb8+ Rc8 60. Rxc8+ Kxc8 61. h4 $16) 58. Rxg5 Ke7 59. h4 $18 (59. Bxg6 Re3 60. Bf5 Kf6 61. Rh5 Ke5) (59. Rxg6 Rxg6 60. Bxg6 Kf6 61. Be8) 59... Rb1+ 60. Kc3 Rc1+ 61. Kb2 Re1 62. Bxg6 R6e2+ 63. Kc3 Rc1+ 64. Kd4 Rb2 65. Rb5 Rcb1 66. Kc3 Rh2 67. Rb7+ Kd6 68. Rxa7 Rxh4 69. Be4 Rh2 70. Rb7 Ke5 71. Rb5+ Kd6 72. Kd4 Ra1 73. Rg5 Kc7 74. Kc5 Rc2+ 75. Kb5 Rb2 76. a6 Rab1 77. Rc5+ Kd6 78. Rc4 Ra1 79. Kb6 1-0

[Event "USA-ARM"]
[Site "Glendale"]
[Date "1994.??.??"]
[Round "4"]
[White "Vaganian, Rafael A"]
[Black "Kaidanov, Gregory S"]
[Result "1-0"]
[WhiteElo "2625"]
[BlackElo "2645"]
[Annotator "Horn,Peter"]
[PlyCount "81"]
[EventDate "1994.05.??"]
[EventType "team"]
[EventRounds "4"]
[EventCountry "USA"]
[SourceTitle "CBM 042"]
[Source "ChessBase"]
[SourceDate "1994.10.01"]
[SourceVersion "1"]
[SourceVersionDate "1994.10.01"]
[SourceQuality "1"]

1. Nf3 d5 2. g3 c6 3. Bg2 Bg4 4. O-O Nd7 5. d3 Ngf6 6. Nbd2 e5 7. e4 Be7 $146 (7... Bd6 {-> Round 2}) (7... dxe4 8. dxe4 Be7) 8. h3 Bh5 9. Qe1 Qc7 10. Nh4 O-O 11. Nf5 Bc5 12. Nb3 Bb6 13. a4 a5 14. Be3 $146 ({RR} 14. Bg5 Rfe8 15. Kh1 Bg6 16. Nh4 Bh5 17. Nf5 h6 18. Bd2 Bg6 19. Nh4 Bh7 20. Bf3 Nf8 21. Bc3 dxe4 22. dxe4 Ne6 23. Bg2 Nd4 24. Rc1 Nxb3 25. cxb3 Qd7 26. Qe2 Qe6 27. Qc2 Nd7 28. Nf3 f6 {Bauer,C (2200)-Kreuscher,W (1982) Germany 2002 1-0 (43)}) 14... Rfe8 15. Kh1 dxe4 16. dxe4 Bg6 17. Bxb6 Nxb6 18. Nh4 (18. Nxa5 Bxf5 (18... Nxa4 19. Rxa4 b6) 19. exf5 e4 $44) 18... Nc4 19. Qc3 b5 (19... Nd6 $14) 20. Rfe1 Qb6 21. Kg1 Red8 (21... Bh5) 22. Nxg6 hxg6 23. Bf1 Qa6 24. Kg2 (24. Bxc4 bxc4 25. Nd2 Rd4) 24... Nd7 25. Red1 { xd7} Ndb6 26. Nc5 Qc8 27. b3 b4 28. Qe1 Na3 $2 (28... Nd6 $14) 29. Rac1 Rxd1 (29... Nd7 30. Nxd7 Rxd7 31. c3) 30. Qxd1 Qf8 31. Nd3 Rd8 32. c3 c5 33. cxb4 cxb4 34. Rc6 Rd6 35. Qc1 f6 36. Qc5 Rxc6 37. Qxc6 Qd8 38. Nc5 $18 Nb1 39. Ne6 Qb8 40. Ba6 Qa8 (40... Nd2 41. Bb7 $18) 41. Qc7 1-0

[Event "Dresden op 03rd"]
[Site "Dresden"]
[Date "1994.??.??"]
[Round "?"]
[White "Movsziszian, Karen"]
[Black "Ulybin, Mikhail"]
[Result "1-0"]
[WhiteElo "2525"]
[BlackElo "2510"]
[PlyCount "89"]
[EventDate "1994.07.14"]
[EventType "swiss"]
[EventRounds "9"]
[EventCountry "GER"]
[SourceTitle "TD"]
[Source "ChessBase"]
[SourceDate "1994.03.01"]
[SourceVersion "1"]
[SourceVersionDate "1994.03.01"]
[SourceQuality "1"]

1. Nf3 e6 2. g3 c5 3. Bg2 d5 4. d3 Nc6 5. O-O g6 6. Nbd2 Bg7 7. e4 Nge7 8. Re1 O-O 9. e5 Qc7 10. Qe2 g5 11. h3 h6 12. Nb3 b6 13. d4 Ng6 14. Be3 cxd4 15. Bxd4 Nxd4 16. Nbxd4 Bd7 17. a4 $146 ({RR} 17. c3 Rae8 18. a4 f6 19. exf6 Bxf6 20. Nh2 Bg7 21. Qh5 Ne5 22. Rxe5 Qxe5 23. Ng4 Qd6 24. Qg6 Qe7 25. Nxh6+ Kh8 26. Ng4 Qf7 27. Qxg5 e5 28. Nf3 Bxg4 29. Qxg4 e4 30. Ng5 Qxf2+ 31. Kh2 Qf6 {Golovin,L (2431)-Gleizerov,E (2570) Voronezh 2007 0-1 (32)}) 17... Rac8 18. Ra3 Qb8 19. Re3 Bxa4 20. Bf1 Bd7 21. Qd1 a5 22. Bd3 b5 23. h4 gxh4 24. Bxg6 fxg6 25. Nxh4 g5 26. Ng6 Rf7 27. f4 Qb6 28. Kg2 Be8 29. fxg5 hxg5 30. c3 b4 31. Qh5 bxc3 32. Rh1 Rf2+ 33. Kxf2 Qxd4 34. Qh7+ Kf7 35. Kg2 Qd2+ 36. Kh3 Qf2 37. Ne7 g4+ 38. Kh4 Rc4 39. Rxc3 Rxc3 40. bxc3 Qf3 41. Rb1 Bd7 42. Qg8+ Kxe7 43. Qxg7+ Kd8 44. Qg8+ Ke7 45. Rb8 1-0

[Event "Altensteig"]
[Site "Altensteig"]
[Date "1994.??.??"]
[Round "10"]
[White "Ribli, Zoltan"]
[Black "Stangl, Markus"]
[Result "1-0"]
[WhiteElo "2605"]
[BlackElo "2535"]
[Annotator "Ribli,Zoltan"]
[PlyCount "81"]
[EventDate "1994.08.??"]
[EventType "tourn"]
[EventRounds "11"]
[EventCountry "GER"]
[EventCategory "12"]
[SourceTitle "CBM 043"]
[Source "ChessBase"]
[SourceDate "1994.12.01"]
[SourceVersion "1"]
[SourceVersionDate "1994.12.01"]
[SourceQuality "1"]

1. Nf3 {Hecht Horn,Pe} d5 2. g3 c6 3. Bg2 Bg4 4. b3 Nd7 5. Bb2 e6 6. d3 Ngf6 7. Nbd2 Bc5 ({RR} 7... Be7 8. e3 a5 9. a3 O-O 10. h3 Bxf3 11. Nxf3 Ne8 12. O-O Bf6 13. d4 Nd6 14. Ne5 a4 15. Nd3 axb3 16. cxb3 Re8 17. a4 e5 18. dxe5 Nxe5 19. Nxe5 Bxe5 20. Bxe5 Rxe5 21. Rc1 Qb6 22. Rc3 {Topalov,V (2793)-Anand,V (2783) Stavanger 2013 ½-½ (56)}) ({RR} 7... Be7 8. h3 Bxf3 9. Bxf3 O-O 10. O-O a5 11. a3 b5 12. e4 Qb6 13. Rb1 b4 14. a4 Bc5 15. Bg2 Bd4 16. Bc1 Ne5 17. Qe2 Qc5 18. Nf3 Nxf3+ 19. Bxf3 Nd7 20. Bg2 f5 21. Bf4 Rae8 22. Rbe1 {Ribli,Z-Geller,E Budapest 1973 ½-½ (31)}) 8. a3 (8. O-O {Horn,Pe} O-O 9. e4 dxe4 10. dxe4 e5 11. h3 Bxf3 12. Qxf3 Qe7 13. Rad1 b5 $13 {Ribli-Tal/Montpellier/1985}) ({RR} 8. h3 Bxf3 9. Nxf3 O-O 10. O-O Qc7 11. c4 a5 12. a3 b5 13. Rc1 bxc4 14. bxc4 Qa7 15. Qa4 Rfc8 16. Ne5 Nxe5 17. Bxe5 Nd7 18. Bb2 Nb6 19. Qc2 d4 20. Rb1 a4 21. Bc1 Nd7 22. Kh2 Bd6 {Adewumi,T (2352)-Przybylski,W (2335) chess.com INT 2025 0-1 (35)}) 8... a5 9. O-O $146 ({RR} 9. h3 Bh5 10. O-O O-O 11. Ra2 b5 12. Qa1 Qc7 13. Re1 Rfe8 14. Ne5 Nxe5 15. Bxe5 Qb6 16. e3 Be7 17. Nf3 Red8 18. Rd1 Ne8 19. c4 Rac8 20. Bd4 c5 21. Bc3 f6 22. Rad2 Nd6 23. a4 b4 {Vogel,J (2315)-Eperjesi,L (2355) Prague 1982 ½-½}) 9... O-O 10. e4 b5 (10... dxe4 {Horn,Pe} 11. dxe4 e5 12. h3 Bxf3 13. Qxf3 b5 14. Qe2 Re8 15. Rfd1 Qc7 $14 {Larsen-Beliavsky/London/1984}) (10... Qe7 {Horn,Pe} 11. Qe2 Bh5 12. Rfe1 dxe4 13. dxe4 e5 14. h3 Ne8 15. Nc4 f6 $10 {Nikolac-Miles/BL/1988}) 11. Qe2 Ba7 $6 (11... Qc7 $5 {Horn,Pe} 12. h3 Bh5 (12... Bxf3 $1 13. Nxf3 dxe4 14. dxe4 Rfd8 $10 {Keres}) 13. e5 Bxf3 14. Nxf3 Ne8 15. h4 g6 16. Nh2 (16. h5 $1 $14) 16... Ng7 {remis/Szabo-Keres/Budapest/1970}) 12. h3 Bh5 (12... Bxf3 $5 {Horn,Pe} 13. Nxf3 a4 14. b4 $14) 13. Kh1 Bxf3 (13... Qc7 14. g4 Bg6 15. e5 Ne8 16. Nh4 $14) 14. Nxf3 a4 15. b4 c5 (15... Qc7 {Horn,Pe}) 16. bxc5 (16. e5 Ne8 17. c4 bxc4 18. dxc4 Nc7 19. Rad1 Qe7 $13) 16... Bxc5 17. exd5 (17. Bxf6 Nxf6 18. exd5 exd5 19. d4 Bd6 20. Qxb5 Qc7 21. Qd3 Rfc8 $44) 17... Nxd5 (17... exd5 18. Nd4 $14 (18. Nd4 {Horn,Pe} Qb6 19. Nf5 $36) (18. c4 $14)) 18. Ne5 Ra6 $1 19. c4 bxc4 20. dxc4 N5f6 21. Rad1 Rd6 (21... Qc7 $2 {Horn,Pe} 22. Nxd7 Nxd7 23. Rxd7 Qxd7 24. Qe5 $18) 22. Nd3 $5 (22. Rxd6 Bxd6 23. Rd1 Qb6 24. Nxd7 Nxd7 25. Qd2 Be5 $10) 22... Qa5 23. Qc2 Rd8 (23... Qa7 {Horn,Pe} 24. Nxc5 Rxd1 25. Rxd1 Nxc5 (25... Qxc5 26. Qxa4) 26. Bd4 $18) 24. Bc3 Qa7 25. Bb4 $1 $14 h5 $6 (25... h6 $5) 26. Kg1 Rd4 27. Nxc5 Nxc5 28. Rxd4 Rxd4 29. Rd1 Rxd1+ (29... e5 30. Rxd4 exd4 31. Qf5 $16) (29... Nce4 30. Rxd4 Qxd4 31. Bxe4 $1 (31. c5 $6 Nxg3 32. c6 Ne8 33. c7 $2 Nxc7 34. Qxc7 Qd1+ 35. Kh2 Ne2 $17) 31... Nxe4 32. c5 $16) 30. Qxd1 Nce4 31. Bxe4 $1 (31. c5 $2 Nxc5 32. Qd8+ Kh7 33. Qd4 Nfd7 $13) 31... Nxe4 32. c5 Qa8 (32... Qa6 33. Qxh5 Qd3 34. Kg2 $16) (32... Nxc5 {Horn,Pe} 33. Qd4 $18) (32... g6 {Horn,Pe} 33. Qd4 {a1-h8,c5} (33. Qd8+ {Hecht} Kh7 34. Qb6 Qd7 35. c6 Qd5 36. c7 Ng5 37. c8=Q Nf3+ 38. Kf1 Nh2+ 39. Ke1 Qh1+ (39... Nf3+ 40. Ke2 Ng1+ 41. Kf1 Qd1+ 42. Kg2 Nxh3 43. Qbb7 $18) 40. Kd2 Qd5+ 41. Kc1 $18)) 33. Qxh5 Qc6 34. Qd1 $1 f5 35. h4 Kh7 36. Qd4 g5 37. h5 $1 g4 38. Bc3 Kh6 $2 (38... Nxc3 39. Qxc3 $16) 39. Qh8+ Kg5 40. Be5 $1 f4 41. Bxf4+ 1-0